Claridad retenida (Record no. 101907)

MARC details
000 -LEADER
campo de control de longitud fija 00447nam a2200157 i 4500
001 - NÚMERO DE CONTROL
campo de control 101907
003 - IDENTIFICADOR DE NÚMERO DE CONTROL
campo de control ES-MaACL
005 - FECHA Y HORA DE LA ÚLTIMA TRANSACCIÓN
campo de control 20230906183015.0
007 - CAMPO FIJO DE DESCRIPCIÓN FÍSICA--INFORMACIÓN GENERAL
campo de control de longitud fija t|
008 - DATOS DE LONGITUD FIJA--INFORMACIÓN GENERAL
campo de control de longitud fija 051026s1972 sp ||||1| spa d
100 1# - ENTRADA PRINCIPAL--NOMBRE DE PERSONA
Nombre de persona Mena, Juan (
Fechas asociadas al nombre 1943-)
9 (RLIN) 139315
245 10 - MENCIÓN DEL TÍTULO
Título Claridad retenida
Resto del título : premio "Bahia" 1972 /
Mención de responsabilidad, etc. Juan Mena Coello.
260 ## - PUBLICACIÓN, DISTRIBUCIÓN, ETC.
Lugar de publicación, distribución, etc. Algeciras :
Nombre del editor, distribuidor, etc. Algecireña,
Fecha de publicación, distribución, etc. 1972.
300 ## - DESCRIPCIÓN FÍSICA
Extensión 56 p. ;
Dimensiones 17 cm.
852 ## - LOCALIZACIÓN
Ubicación ES-MaACL
Número de control de estantería C-43902
Sublocalización o colección R.82914
Holdings
Estatus retirado Estado de pérdida Estado de daño No para préstamo Biblioteca de origen Biblioteca actual Ubicación en estantería Fecha de adquisición Fuente de adquisición Total de préstamos Signatura topográfica completa Código de barras Visto por última vez Precio de reemplazo Tipo de ítem Koha
        Biblioteca del Ateneo de Madrid Biblioteca del Ateneo de Madrid Depósito 2 17/01/2008     C-43902 1106384 23/02/2023 23/02/2023 Libro impreso